000 00396nam a22001457a 4500
008 160709b xxu||||| |||| 00| 0 eng d
020 _a9715504477
082 _22003
_aDFil 899.2113
_bAn1
245 _aAng anak ng kardenal/
260 _aQuezon City:
_bADMU Press,
_cc2003.
300 _avii, 292 pages:
_c18 cm.
650 0 _911097
_aFilipino poetry
365 _b306.00
_cPhp.
942 _2ddc
_cDFIL
999 _c3330
_d3330